Classic NES Games by Screenshot - Statistics

General Stats
  • This quiz has been taken 21,720 times
  • The average score is 10 of 20
Answer Stats
Picture Answer % Correct
Super Mario Bros
100%
Tetris
97%
The Legend of Zelda
91%
Duck Hunt
84%
Kirby's Adventure
83%
Mega Man
73%
Dr. Mario
70%
Metroid
63%
Mike Tyson's Punch-Out!!
55%
Castlevania
41%
Kid Icarus
41%
Excitebike
37%
Contra
36%
Duck Tales
32%
Battletoads
30%
Ninja Gaiden
28%
Metal Gear
17%
Double Dragon II
15%
Tecmo Super Bowl
15%
Rad Racer
7%
No matching quizzes found
Score Distribution
Percent of People with Each Score
Percentile by Number Answered
Your Score History
You have not taken this quiz